[Event "Ceriano Laghetto op-B 22nd"]
[Site "Ceriano Laghetto"]
[Date "2013.03.03"]
[Round "4"]
[White "Brioschi, Camillo"]
[Black "Lunghi, Samuele"]
[Result "1/2-1/2"]
[WhiteElo "1831"]
[BlackElo "1487"]
[PlyCount "79"]
[EventDate "2013.03.01"]
[EventType "swiss"]
[EventRounds "5"]
[EventCountry "ITA"]
[SourceTitle "EXT 2024"]
[Source "ChessBase"]
[SourceDate "2023.10.10"]
[SourceVersion "1"]
[SourceVersionDate "2023.10.10"]
[SourceQuality "1"]

1. d4 Nf6 2. c4 e6 3. Nc3 Bb4 4. e3 b6 5. Nge2 0-0 6. Ng3 d5 7. a3 Bxc3+ 8. bxc3 c5 9. cxd5 exd5 10. Bd3 Qe7 11. f3 Re8 12. 0-0 Ba6 13. Bxa6 Nxa6 14. Qd3 Nc7 15. Ra2 Rad8 16. Re2 Qd7 17. Bb2 Ne6 18. Ref2 a5 19. Rb1 b5 20. Bc1 c4 21. Qf1 Rb8 22. e4 dxe4 23. fxe4 Nc7 24. Re2 b4 25. axb4 axb4 26. cxb4 Qxd4+ 27. Be3 Qc3 28. Bf4 Qd4+ 29. Kh1 Rbc8 30. Rd2 Qc3 31. Rc1 Qxb4 32. Rxc4 Qb6 33. Rd6 Qb7 34. Qd3 Ne6 35. Rxc8 Qxc8 36. Be3 Rd8 37. h3 Rxd6 38. Qxd6 Qd8 39. Qe5 Qc7 40. Qxc7 1/2-1/2